Statistics for Guess the Top University in Each State - Not using the state name

Click here to take the quiz!

General Stats

  • This quiz has been taken 9 times
  • The average score is 13 of 50

Answer Stats

StateUniversity% Correct
AlabamaAuburn University
100%
IdahoBoise State University
67%
MassachusettsHarvard University
67%
CaliforniaStanford University
67%
MissouriWashington University
67%
ConnecticutYale University
67%
Rhode IslandBrown University
50%
New HampshireDartmouth University
50%
North CarolinaDuke University
50%
MarylandJohns Hopkins University
50%
New JerseyPrinceton University
50%
IndianaPurdue University
50%
LouisianaTulane University
50%
TennesseeVanderbilt University
50%
PennsylvaniaCarnegie Mellon University
33%
OhioCase Western Reserve University
33%
South CarolinaClemson University
33%
NebraskaCreighton University
33%
GeorgiaEmory University
33%
WashingtonGonzaga University
33%
WisconsinMarquette University
33%
IllinoisNorthwestern University
33%
OregonReed College
33%
TexasRice University
33%
DelawareGoldey-Beacom College
17%
ArizonaGrand Canyon University
17%
IowaGrinnell College
17%
West VIrginiaMarshall University
17%
VermontMiddlebury College
17%
ColoradoUniversity of Denver
17%
South DakotaBlack Hills State University
0%
MaineBowdoin College
0%
UtahBringham Young University
0%
HawaiiBYU Hawaii
0%
MichiganCalvin University
0%
MinnesotaCarleton College
0%
KentuckyCentre College
0%
New YorkColombia University
0%
NevadaGreat Basin University
0%
ArkansasHarding University
0%
MontanaHighlands University
0%
AlaskaIlisagvik College
0%
KansasMidAmerica Nazarene University
0%
North DakotaMinot State University
0%
FloridaNova Southeastern University
0%
OklahomaOral Roberts University
0%
New MexicoSan Juan College
0%
WyomingSheridan College
0%
VirginiaWilliam and Mary Universirty
0%
MissisippiWilliam Carey University
0%

Score Distribution

Percentile by Number Answered

Percent of People with Each Score

Your Score History

You have not taken this quiz